<?xml version="1.0" encoding="UTF-8"?>
<collection xmlns="http://www.loc.gov/MARC21/slim">
 <record>
  <leader>04373cam a2200901   4500</leader>
  <controlfield tag="001">1148016511</controlfield>
  <controlfield tag="003">DE-627</controlfield>
  <controlfield tag="005">20240319183304.0</controlfield>
  <controlfield tag="007">tu</controlfield>
  <controlfield tag="008">990615s1998    it |||||      00| ||ger c</controlfield>
  <datafield tag="020" ind1=" " ind2=" ">
   <subfield code="z">8877795150</subfield>
  </datafield>
  <datafield tag="035" ind1=" " ind2=" ">
   <subfield code="a">(DE-627)1148016511</subfield>
  </datafield>
  <datafield tag="035" ind1=" " ind2=" ">
   <subfield code="a">(DE-576)078016517</subfield>
  </datafield>
  <datafield tag="035" ind1=" " ind2=" ">
   <subfield code="a">(DE-599)BSZ078016517</subfield>
  </datafield>
  <datafield tag="035" ind1=" " ind2=" ">
   <subfield code="a">(OCoLC)231772462</subfield>
  </datafield>
  <datafield tag="035" ind1=" " ind2=" ">
   <subfield code="a">(OCoLC)40118095</subfield>
  </datafield>
  <datafield tag="035" ind1=" " ind2=" ">
   <subfield code="a">(OCoLC)231772462</subfield>
  </datafield>
  <datafield tag="035" ind1=" " ind2=" ">
   <subfield code="a">(ZDB-21-EIL)9838130X</subfield>
  </datafield>
  <datafield tag="040" ind1=" " ind2=" ">
   <subfield code="a">DE-627</subfield>
   <subfield code="b">ger</subfield>
   <subfield code="c">DE-627</subfield>
   <subfield code="e">rakwb</subfield>
  </datafield>
  <datafield tag="041" ind1=" " ind2=" ">
   <subfield code="a">ger</subfield>
   <subfield code="a">eng</subfield>
   <subfield code="a">fre</subfield>
   <subfield code="a">ita</subfield>
  </datafield>
  <datafield tag="044" ind1=" " ind2=" ">
   <subfield code="c">XA-IT</subfield>
  </datafield>
  <datafield tag="050" ind1=" " ind2="0">
   <subfield code="a">aBT</subfield>
  </datafield>
  <datafield tag="050" ind1=" " ind2="0">
   <subfield code="a">BT590.P45</subfield>
  </datafield>
  <datafield tag="082" ind1="0" ind2=" ">
   <subfield code="a">232</subfield>
  </datafield>
  <datafield tag="082" ind1="0" ind2=" ">
   <subfield code="a">232.9</subfield>
  </datafield>
  <datafield tag="084" ind1=" " ind2=" ">
   <subfield code="a">9,10</subfield>
   <subfield code="2">ssgn</subfield>
  </datafield>
  <datafield tag="084" ind1=" " ind2=" ">
   <subfield code="a">1</subfield>
   <subfield code="2">ssgn</subfield>
  </datafield>
  <datafield tag="084" ind1=" " ind2=" ">
   <subfield code="a">LH 82250</subfield>
   <subfield code="2">rvk</subfield>
   <subfield code="0">(DE-625)rvk/95213:</subfield>
  </datafield>
  <datafield tag="084" ind1=" " ind2=" ">
   <subfield code="a">20.27</subfield>
   <subfield code="2">bkl</subfield>
  </datafield>
  <datafield tag="084" ind1=" " ind2=" ">
   <subfield code="a">20.05</subfield>
   <subfield code="2">bkl</subfield>
  </datafield>
  <datafield tag="245" ind1="1" ind2="4">
   <subfield code="a">The holy face and the paradox of representation</subfield>
   <subfield code="b">papers from a colloquium held at the Bibliotheca Hertziana, Rome and the Villa Spelman, Florence, 1996</subfield>
   <subfield code="c">Bibliotheca Hertziana (Max-Planck-Institut), Rome ... Ed. with an introd. by Herbert L. Kessler and Gerhard Wolf</subfield>
  </datafield>
  <datafield tag="263" ind1=" " ind2=" ">
   <subfield code="a">L120000</subfield>
  </datafield>
  <datafield tag="264" ind1=" " ind2="1">
   <subfield code="a">Bologna</subfield>
   <subfield code="b">Nuova Alfa Ed.</subfield>
   <subfield code="c">1998</subfield>
  </datafield>
  <datafield tag="300" ind1=" " ind2=" ">
   <subfield code="a">XI, 340, [56] S.</subfield>
   <subfield code="b">zahlr. Ill.</subfield>
  </datafield>
  <datafield tag="336" ind1=" " ind2=" ">
   <subfield code="a">Text</subfield>
   <subfield code="b">txt</subfield>
   <subfield code="2">rdacontent</subfield>
  </datafield>
  <datafield tag="337" ind1=" " ind2=" ">
   <subfield code="a">ohne Hilfsmittel zu benutzen</subfield>
   <subfield code="b">n</subfield>
   <subfield code="2">rdamedia</subfield>
  </datafield>
  <datafield tag="338" ind1=" " ind2=" ">
   <subfield code="a">Band</subfield>
   <subfield code="b">nc</subfield>
   <subfield code="2">rdacarrier</subfield>
  </datafield>
  <datafield tag="490" ind1="1" ind2=" ">
   <subfield code="a">Villa Spelman Colloquia</subfield>
   <subfield code="v">6</subfield>
  </datafield>
  <datafield tag="500" ind1=" " ind2=" ">
   <subfield code="a">Beitr. teilw. dt., teilw. engl., teilw. franz., teilw. ital</subfield>
  </datafield>
  <datafield tag="583" ind1="1" ind2=" ">
   <subfield code="a">Archivierung/Langzeitarchivierung gewährleistet</subfield>
   <subfield code="f">SSG</subfield>
   <subfield code="x">XA-DE-BW</subfield>
   <subfield code="2">pdager</subfield>
   <subfield code="5">DE-16</subfield>
  </datafield>
  <datafield tag="653" ind1=" " ind2="0">
   <subfield code="a">Jesus Christ</subfield>
   <subfield code="a">Congresses</subfield>
   <subfield code="a">Face</subfield>
  </datafield>
  <datafield tag="653" ind1=" " ind2="0">
   <subfield code="a">Jesus Christ</subfield>
   <subfield code="a">Congresses</subfield>
   <subfield code="a">History of doctrines</subfield>
  </datafield>
  <datafield tag="655" ind1=" " ind2="7">
   <subfield code="a">Konferenzschrift</subfield>
   <subfield code="y">1996</subfield>
   <subfield code="z">Rom</subfield>
   <subfield code="0">(DE-588)1071861417</subfield>
   <subfield code="0">(DE-627)826484824</subfield>
   <subfield code="0">(DE-576)433375485</subfield>
   <subfield code="2">gnd-content</subfield>
  </datafield>
  <datafield tag="655" ind1=" " ind2="7">
   <subfield code="a">Konferenzschrift</subfield>
   <subfield code="y">1996</subfield>
   <subfield code="z">Rom; Florenz</subfield>
   <subfield code="0">(DE-588)1071861417</subfield>
   <subfield code="0">(DE-627)826484824</subfield>
   <subfield code="0">(DE-576)433375485</subfield>
   <subfield code="2">gnd-content</subfield>
  </datafield>
  <datafield tag="689" ind1="0" ind2="0">
   <subfield code="d">p</subfield>
   <subfield code="0">(DE-588)118557513</subfield>
   <subfield code="0">(DE-627)079354688</subfield>
   <subfield code="0">(DE-576)208978216</subfield>
   <subfield code="a">Jesus Christus</subfield>
   <subfield code="2">gnd</subfield>
  </datafield>
  <datafield tag="689" ind1="0" ind2="1">
   <subfield code="d">s</subfield>
   <subfield code="0">(DE-588)4020687-7</subfield>
   <subfield code="0">(DE-627)106317105</subfield>
   <subfield code="0">(DE-576)208934421</subfield>
   <subfield code="a">Gesicht</subfield>
   <subfield code="2">gnd</subfield>
  </datafield>
  <datafield tag="689" ind1="0" ind2="2">
   <subfield code="d">s</subfield>
   <subfield code="0">(DE-588)4114333-4</subfield>
   <subfield code="0">(DE-627)105822957</subfield>
   <subfield code="0">(DE-576)209483733</subfield>
   <subfield code="a">Kunst</subfield>
   <subfield code="2">gnd</subfield>
  </datafield>
  <datafield tag="689" ind1="0" ind2=" ">
   <subfield code="5">(DE-627)</subfield>
  </datafield>
  <datafield tag="689" ind1="1" ind2="0">
   <subfield code="d">s</subfield>
   <subfield code="0">(DE-588)4070009-4</subfield>
   <subfield code="0">(DE-627)10610165X</subfield>
   <subfield code="0">(DE-576)209178949</subfield>
   <subfield code="a">Christusdarstellung</subfield>
   <subfield code="2">gnd</subfield>
  </datafield>
  <datafield tag="689" ind1="1" ind2=" ">
   <subfield code="5">(DE-627)</subfield>
  </datafield>
  <datafield tag="689" ind1="2" ind2="0">
   <subfield code="d">p</subfield>
   <subfield code="0">(DE-588)118557513</subfield>
   <subfield code="0">(DE-627)079354688</subfield>
   <subfield code="0">(DE-576)208978216</subfield>
   <subfield code="a">Jesus Christus</subfield>
   <subfield code="2">gnd</subfield>
  </datafield>
  <datafield tag="689" ind1="2" ind2="1">
   <subfield code="d">s</subfield>
   <subfield code="0">(DE-588)4020687-7</subfield>
   <subfield code="0">(DE-627)106317105</subfield>
   <subfield code="0">(DE-576)208934421</subfield>
   <subfield code="a">Gesicht</subfield>
   <subfield code="2">gnd</subfield>
  </datafield>
  <datafield tag="689" ind1="2" ind2="2">
   <subfield code="d">s</subfield>
   <subfield code="0">(DE-588)4145419-4</subfield>
   <subfield code="0">(DE-627)105591114</subfield>
   <subfield code="0">(DE-576)20974135X</subfield>
   <subfield code="a">Bildliche Darstellung</subfield>
   <subfield code="2">gnd</subfield>
  </datafield>
  <datafield tag="689" ind1="2" ind2=" ">
   <subfield code="5">(DE-627)</subfield>
  </datafield>
  <datafield tag="700" ind1="1" ind2=" ">
   <subfield code="a">Kessler, Herbert L.</subfield>
   <subfield code="d">1941-</subfield>
   <subfield code="0">(DE-588)131786946</subfield>
   <subfield code="0">(DE-627)513954252</subfield>
   <subfield code="0">(DE-576)161694489</subfield>
   <subfield code="4">oth</subfield>
  </datafield>
  <datafield tag="700" ind1="1" ind2=" ">
   <subfield code="a">Wolf, Gerhard</subfield>
   <subfield code="d">1952-</subfield>
   <subfield code="0">(DE-588)128409037</subfield>
   <subfield code="0">(DE-627)372648061</subfield>
   <subfield code="0">(DE-576)216041228</subfield>
   <subfield code="4">oth</subfield>
  </datafield>
  <datafield tag="710" ind1="2" ind2=" ">
   <subfield code="a">Bibliotheca Hertziana</subfield>
   <subfield code="g">Rom</subfield>
   <subfield code="0">(DE-588)1001520-6</subfield>
   <subfield code="0">(DE-627)102973644</subfield>
   <subfield code="0">(DE-576)191141348</subfield>
   <subfield code="4">oth</subfield>
  </datafield>
  <datafield tag="710" ind1="2" ind2=" ">
   <subfield code="a">Villa Spelman</subfield>
   <subfield code="0">(DE-588)5204859-7</subfield>
   <subfield code="0">(DE-627)227069951</subfield>
   <subfield code="0">(DE-576)196174589</subfield>
   <subfield code="4">oth</subfield>
  </datafield>
  <datafield tag="787" ind1="0" ind2="8">
   <subfield code="i">Rezensiert in</subfield>
   <subfield code="a">Bacci, Michele, 1970 - </subfield>
   <subfield code="t">[Rezension von: The holy face and the paradox of representation]</subfield>
   <subfield code="d">2000</subfield>
   <subfield code="w">(DE-627)153925318X</subfield>
   <subfield code="w">(DE-576)469253185</subfield>
  </datafield>
  <datafield tag="830" ind1=" " ind2="0">
   <subfield code="a">Villa Spelman Colloquia</subfield>
   <subfield code="v">6</subfield>
   <subfield code="9">6</subfield>
   <subfield code="w">(DE-627)1698472323</subfield>
   <subfield code="w">(DE-576)019208324</subfield>
   <subfield code="w">(DE-600)3022655-7</subfield>
   <subfield code="7">ns</subfield>
  </datafield>
  <datafield tag="856" ind1="4" ind2="2">
   <subfield code="u">https://swbplus.bsz-bw.de/bsz078016517inh.htm</subfield>
   <subfield code="m">B:DE-576;DE-16</subfield>
   <subfield code="q">application/pdf</subfield>
   <subfield code="v">20090527154245</subfield>
   <subfield code="x">Verlag</subfield>
   <subfield code="3">Inhaltsverzeichnis</subfield>
  </datafield>
  <datafield tag="856" ind1="4" ind2="2">
   <subfield code="u">http://www.loc.gov/catdir/toc/fy041/99160263.html</subfield>
   <subfield code="x">Verlag</subfield>
   <subfield code="y">Table of contents</subfield>
  </datafield>
  <datafield tag="889" ind1=" " ind2=" ">
   <subfield code="w">(DE-627)254583911</subfield>
  </datafield>
  <datafield tag="935" ind1=" " ind2=" ">
   <subfield code="a">mteo</subfield>
  </datafield>
  <datafield tag="935" ind1=" " ind2=" ">
   <subfield code="i">mdedup</subfield>
  </datafield>
  <datafield tag="936" ind1="r" ind2="v">
   <subfield code="a">LH 82250</subfield>
   <subfield code="b">Allgemeines</subfield>
   <subfield code="k">Kunstgeschichte</subfield>
   <subfield code="k">Allgemeines. Allgemeine Kunstgeschichte</subfield>
   <subfield code="k">Kunstgeschichte einzelner Gattungen der Kunst</subfield>
   <subfield code="k">Ikonographie, Ikonologie</subfield>
   <subfield code="k">Christliche Ikonographie</subfield>
   <subfield code="k">Ikonographie biblischer Darstellungen</subfield>
   <subfield code="k">Christusbild</subfield>
   <subfield code="k">Allgemeines</subfield>
   <subfield code="0">(DE-627)1270930834</subfield>
   <subfield code="0">(DE-625)rvk/95213:</subfield>
   <subfield code="0">(DE-576)200930834</subfield>
  </datafield>
  <datafield tag="936" ind1="b" ind2="k">
   <subfield code="a">20.27</subfield>
   <subfield code="j">Bibel</subfield>
   <subfield code="x">Ikonographie</subfield>
   <subfield code="0">(DE-627)106421239</subfield>
  </datafield>
  <datafield tag="936" ind1="b" ind2="k">
   <subfield code="a">20.05</subfield>
   <subfield code="j">Kunst in Beziehung zu anderen Wissenschaftsgebieten</subfield>
   <subfield code="0">(DE-627)106415824</subfield>
  </datafield>
  <datafield tag="951" ind1=" " ind2=" ">
   <subfield code="a">BO</subfield>
  </datafield>
  <datafield tag="990" ind1=" " ind2=" ">
   <subfield code="a">Jesus Christus</subfield>
  </datafield>
  <datafield tag="990" ind1=" " ind2=" ">
   <subfield code="a">Gesicht</subfield>
  </datafield>
  <datafield tag="990" ind1=" " ind2=" ">
   <subfield code="a">Kunst</subfield>
  </datafield>
  <datafield tag="990" ind1=" " ind2=" ">
   <subfield code="a">Christusdarstellung</subfield>
  </datafield>
  <datafield tag="990" ind1=" " ind2=" ">
   <subfield code="a">Jesus Christus</subfield>
  </datafield>
  <datafield tag="990" ind1=" " ind2=" ">
   <subfield code="a">Gesicht</subfield>
  </datafield>
  <datafield tag="990" ind1=" " ind2=" ">
   <subfield code="a">Bildliche Darstellung</subfield>
  </datafield>
  <datafield tag="991" ind1=" " ind2=" ">
   <subfield code="a">Rezensiertes Werk</subfield>
  </datafield>
  <datafield tag="999" ind1=" " ind2=" ">
   <subfield code="a">KXP-PPN1148016511</subfield>
   <subfield code="e">404618244X</subfield>
  </datafield>
 </record>
</collection>
